The geology and mineral resources of the Ulu Paka Area, Trengganu

Bibliographic Details
Main Author: CHAND
Format: Book
Published: Kuala Lumpur : Ministry of Primary Industries , 1978
Series:Geological Survey of Malaysia district memoir 16
Subjects:

MARC

LEADER 00000cam a2200000 7i4500
001 0000002769
005 20040108.0
090 0 0 |a R555.951122   |b CHA 1978 
100 1 0 |a CHAND   |h Fateh 
245 1 4 |a The geology and mineral resources of the Ulu Paka Area, Trengganu   |c by Fateh Chand 
260 0 0 |a Kuala Lumpur :   |b Ministry of Primary Industries ,   |c 1978 
300 |a xvii, 124 p. :   |b ill., maps, 2 folded maps ;   |c 25 cm. 
440 0 0 |a Geological Survey of Malaysia district memoir 16 
500 0 0 |a Includes bibliography : p. 95-97 and index 
650 0 0 |a Geology   |z Malaysia   |z Terengganu 
650 0 0 |a Mines and natural resources   |z Malaysia   |z Terengganu 
998 |a JPSM 
999 |a 0000004404   |b Monograph   |c Reference   |e Default branch